| 000 | 01040nam a22002657a 4500 | ||
|---|---|---|---|
| 003 | BD-DhSAU | ||
| 005 | 20190113092021.0 | ||
| 008 | 161006b2015 bg ||||| |||| 00| 0 eng d | ||
| 040 | _aBD-DhSAU | ||
| 082 |
_222 _a581.2 _bM5719 |
||
| 100 |
_aMonowara, Rufaida _4Regi. no. 14-06362 |
||
| 245 |
_aEffect of temperature on growth and sporulation of Alternaria species from Mustard (Brassica spp.) leaf / _c Rufaida Monowara _bMs Thesis |
||
| 260 |
_aDhaka : Sher e Bangla Agricultural University : _bDepartment of Plant Pathology , _c2015 |
||
| 300 |
_axii, 81 p. : _bill. ; _c29 cm. |
||
| 504 | _aIncludes bibliographical references. | ||
| 590 | _aKamim | ||
| 650 | _aPlant Pathology. | ||
| 650 | _aEffect of temperature on growth | ||
| 650 | _asporulation of Alternaria species | ||
| 650 | _aMustard (Brassica spp.) leat | ||
| 700 |
_aSultana, Nazneen _4Supervisor |
||
| 700 |
_aTonu, Nazmoon Naher _4Co-supervisor |
||
| 856 |
_uhttp://archive.saulibrary.edu.bd:8080/xmlui/handle/123456789/31 _yOnline access |
||
| 942 |
_2ddc _cTHESIS |
||
| 999 |
_c13539 _d13538 |
||